Ako vzniká úverová kríza

Problémy s hypotekárnymi úvermi v USA a ich dôsledky. Podmienky pre vznik krízy. Odpoveď na otázku, či sa americký scenár vývoja trhu s hypotekárnymi úvermi môže preniesť aj na Slovensko. Poznámky autora na záver.

Gespeichert in:
Bibliographische Detailangaben
1. Verfasser: Vlachynský, Karol
Format: Buchkapitel
Sprache:Slowakisch
Schlagworte:
Tags: Tag hinzufügen
Keine Tags, Fügen Sie das erste Tag hinzu!

MARC

LEADER 00000naa$a2200000$$$4500
001 0081412
005 20240502071920.4
041 0 |a slo 
044 |a SK 
245 1 0 |a Ako vzniká úverová kríza  |c Karol Vlachynský 
520 |a Problémy s hypotekárnymi úvermi v USA a ich dôsledky. Podmienky pre vznik krízy. Odpoveď na otázku, či sa americký scenár vývoja trhu s hypotekárnymi úvermi môže preniesť aj na Slovensko. Poznámky autora na záver. 
610 2 0 |a úver hypotekárny 
610 2 0 |a banky 
610 2 0 |a investovanie 
610 2 0 |a investori 
610 2 0 |a riziko úverové 
610 2 0 |a kríza finančná 
610 2 0 |a fondy investičné 
610 2 0 |a hedging 
610 2 0 |a deriváty 
610 2 0 |a USA 
610 2 0 |a Slovensko 
100 1 |a Vlachynský, Karol